Cost benefit analysis of ecological Corridor Belum-Temenggur Forest Complex (BTFC) in Gerik, Perak

Bibliographic Details
Other Authors: Dr. Siti Nurhidayu Abu Bakar, Dr. Yuhanis Abu Bakar, Dr. Zakaria Hussin, Dr. Zariyawati Mohd Ashhari, Farah Mohd Shahwahid, Mohd Shahwahid Hj Othman, Nurfaryanti Kamaruddin
Format: Book
Published: Perak : Jabatan Perhutanan Negeri Perak , 2015.
Subjects:

MARC

LEADER 00000cam a2200000 7i4500
001 0000004142
005 20181226.0
020 0 0 |a 9789670539249 
090 0 0 |a 577.3   |b BEL 2015 
245 1 0 |a Cost benefit analysis of ecological Corridor Belum-Temenggur Forest Complex (BTFC) in Gerik, Perak   |c Tuan Marina Tuan Ibrahim..[et.al] 
260 0 0 |a Perak :   |b Jabatan Perhutanan Negeri Perak ,   |c 2015. 
300 |a viii, 116 p.. :   |b ill.col ;   |c 30cm. 
650 0 0 |a Biodiversity conservation---Perak. 
650 0 0 |a Forest reserves---Perak 
700 0 1 |a Dr. Siti Nurhidayu Abu Bakar 
700 0 1 |a Dr. Yuhanis Abu Bakar 
700 0 1 |a Dr. Zakaria Hussin 
700 0 1 |a Dr. Zariyawati Mohd Ashhari 
700 0 1 |a Farah Mohd Shahwahid 
700 0 1 |a Mohd Shahwahid Hj Othman 
700 0 1 |a Nurfaryanti Kamaruddin 
998 |a JPSM 
999 |a 008011   |b Monograph   |c Open Shelf   |e Default branch 
999 |a 008012   |b Monograph   |c Open Shelf   |e Default branch